Monk Who Sold His Ferrari (Record no. 4468)

MARC details
000 -LEADER
fixed length control field 00323nam a2200133Ia 4500
008 - FIXED-LENGTH DATA ELEMENTS--GENERAL INFORMATION
fixed length control field 191201s2010 xx 000 0 und d
100 ## - MAIN ENTRY--PERSONAL NAME
Personal name SHARMA, Robin
245 #0 - TITLE STATEMENT
Title Monk Who Sold His Ferrari
250 ## - EDITION STATEMENT
Edition statement 78th IMP
260 ## - PUBLICATION, DISTRIBUTION, ETC. (IMPRINT)
Place of publication, distribution, etc N. Delhi
Name of publisher, distributor, etc Jaico Publication House
Date of publication, distribution, etc 2010
300 ## - PHYSICAL DESCRIPTION
Extent 201
650 ## - SUBJECT ADDED ENTRY--TOPICAL TERM
Topical term or geographic name as entry element BBA
942 ## - ADDED ENTRY ELEMENTS (KOHA)
Source of classification or shelving scheme Dewey Decimal Classification
Koha item type Text Books
Holdings
Withdrawn status Lost status Source of classification or shelving scheme Damaged status Not for loan Collection code Home library Current library Date acquired Source of acquisition Cost, normal purchase price Bill Number Total Checkouts Full call number Acc. no. / Barcode Date last seen Date last borrowed Bill Date Koha item type Public note Checked out
    Dewey Decimal Classification     GENERAL PIET C-LIBRARY PIET C-LIBRARY 27/04/2010 J B C, New Delhi 185.00 SI-4915 3 158.24 SHM 15121 22/05/2023 08/05/2023 11/03/2010 Text Books    
    Dewey Decimal Classification     GENERAL PIET C-LIBRARY PIET C-LIBRARY 27/04/2010 J B C, New Delhi 185.00 SI-4915 7 158.24 SHM 15122 25/10/2023 10/10/2023 11/03/2010 Text Books Stories and Novels  
    Dewey Decimal Classification     GENERAL PIET C-LIBRARY PIET C-LIBRARY 27/04/2010 J B C, New Delhi 185.00 SI-4915   158.24 SHM 15123 04/12/2019   11/03/2010 Text Books    
    Dewey Decimal Classification     GENERAL PIET C-LIBRARY PIET C-LIBRARY 27/04/2010 J B C, New Delhi 185.00 SI-4915 1 158.24 SHM 15124 19/12/2019 06/12/2019 11/03/2010 Text Books    
    Dewey Decimal Classification     GENERAL PIET C-LIBRARY PIET C-LIBRARY 27/04/2010 J B C, New Delhi 185.00 SI-4915 7 158.24 SHM 15125 06/12/2023 28/11/2023 11/03/2010 Text Books    
    Dewey Decimal Classification     GENERAL PIET C-LIBRARY PIET C-LIBRARY 27/04/2010 J B C, New Delhi 185.00 SI-4915 2 158.24 SHM 15126 22/12/2021 22/12/2021 11/03/2010 Text Books   05/01/2022

Design & Developed by: PIET Central Library
R70 Miles Stone Pattikalyana Samalkha Panipat 132102
mail ID :- [email protected], Phone No:- 0180-2569700 Ex.216